| 000 | 00760nam a22002770a 4500 | ||
|---|---|---|---|
| 001 | PT42625 | ||
| 003 | AR-LpoUNG | ||
| 005 | 20210131230931.0 | ||
| 008 | 191001s2010||||sp |||||||||||||||||spa d | ||
| 020 |
_a9788429495508 _c$65 |
||
| 040 |
_aAR-LpoUNG _bspa _cAR-LpoUNG _eaacr |
||
| 041 | _aspa | ||
| 044 | _asp | ||
| 082 | 0 | _aR463 837ame | |
| 245 | 1 | 0 | _aDiccionario de americanismos |
| 260 |
_aMadrid : _bSantillana, _c2010. |
||
| 300 |
_alxi, 2333 p. : _bil., gráfs. |
||
| 650 | 4 | _aDICCIONARIOS | |
| 650 | 4 | _aLENGUA ESPAÑOLA | |
| 650 | 4 | _aLENGUAJE | |
| 650 | 4 | _aMATERIAL DE REFERENCIA | |
| 651 | 4 | _aDOCUMENTOS TEORICOS O METODOLOGICOS | |
| 710 | 2 | _aAsociación de Academias de la Lengua Española (Madrid) | |
| 905 | _a42625 | ||
| 942 | _cLSALA | ||
| 999 |
_c6991 _d6991 |
||